| 000 | 007030000a22001930004500 | ||
|---|---|---|---|
| 090 |
_aAR _b03873 |
||
| 245 | 1 | 0 | _aRiquezas vegetales, animales y aspectos fisícos de la región bañada por los ríos Ariari, Guaviare y sus afluentes |
| 300 | _a87-99 | ||
| 500 | _a<Colección Biocomercio> | ||
| 650 | 1 | 4 |
_aGeografía _992259 |
| 650 | 1 | 4 |
_aFauna _992594 |
| 650 | 1 | 4 |
_aFlora _992293 |
| 650 | 1 | 4 |
_aUsos tradicionales _995137 |
| 651 | 4 |
_lRío Ariari, Río Guaviare _pOrinoquia, Colombia _992749 |
|
| 041 | 0 | _aEspañol | |
| 260 |
_as.l. _bEdiciones fondo cultural cafetero _c1990 |
||
| 942 | _cARTICULO | ||
| 773 | 1 | _tEn Calazans Vela, José y Molano, Alfredo/ Dos viajes por la Orinoquia colombiana 1889-1988 | |
| 999 |
_c12908 _d12908 |
||